[Event "15PCR_PF4"]
[Site "?"]
[Date "2004.??.??"]
[Round "?"]
[White "Portych, Vaclav"]
[Black "Jirku, Jaroslav"]
[Result "1/2-1/2"]
[WhiteElo "2124"]
[BlackElo "2244"]
[PlyCount "67"]
[EventDate "2004.??.??"]
[SourceDate "2005.03.08"]

1. c4 c5 2. Nc3 Nc6 3. Nf3 g6 4. g3 Bg7 5. Bg2 d6 6. O-O e5 7. a3 Nge7 8. Rb1
a5 9. d3 O-O 10. Bd2 Rb8 11. Ne1 Be6 12. Nc2 d5 13. cxd5 Nxd5 14. Nxd5 Bxd5 15.
b4 Bxg2 16. Kxg2 b5 17. bxa5 Nxa5 18. Ne3 Nc6 19. Qc2 Nd4 20. Qxc5 Nxe2 21.
Rxb5 Rxb5 22. Qxb5 Qa8+ 23. Qd5 Qxa3 24. Rb1 Qa8 25. Rb7 Qa1 26. Nf1 Qd4 27.
Qe4 Nc3 28. Bxc3 Qxc3 29. Ne3 Qc5 30. Rd7 Re8 31. d4 Qb4 32. Qf3 Qf8 33. dxe5
Rxe5 34. h4 1/2-1/2

[Event "15PCR_PF4"]
[Site "?"]
[Date "2004.??.??"]
[Round "?"]
[White "Portych, Vaclav"]
[Black "Kotrc, Michal"]
[Result "1/2-1/2"]
[WhiteElo "2124"]
[BlackElo "2131"]
[PlyCount "44"]
[EventDate "2004.??.??"]
[SourceDate "2005.03.08"]

1. c4 e5 2. Nc3 Nc6 3. Nf3 Nf6 4. g3 Bb4 5. Bg2 O-O 6. O-O e4 7. Ng5 Bxc3 8.
bxc3 Re8 9. f3 e3 10. d3 d5 11. Qb3 a5 12. cxd5 a4 13. Qc4 Nxd5 14. f4 Ra5 15.
Ba3 Qd7 16. Bh3 f5 17. Rfb1 h6 18. Nf3 b6 19. Bb4 Ba6 20. Bxf5 Qxf5 21. Qxc6
Bb5 22. Qb7 Ba6 1/2-1/2

[Event "15PCR_PF4"]
[Site "?"]
[Date "2004.??.??"]
[Round "?"]
[White "Portych, Vaclav"]
[Black "Krouzel, Jaroslav"]
[Result "1/2-1/2"]
[WhiteElo "2124"]
[BlackElo "2334"]
[PlyCount "43"]
[EventDate "2004.??.??"]
[SourceDate "2005.03.08"]

1. c4 f5 2. d4 Nf6 3. Nc3 e6 4. Nf3 Bb4 5. Qb3 Qe7 6. g3 b6 7. Bg2 Bb7 8. O-O
Bxc3 9. Qxc3 O-O 10. b4 d6 11. a4 Nbd7 12. a5 c5 13. Rd1 Be4 14. Ba3 Rac8 15.
Ra2 Rfd8 16. bxc5 bxc5 17. Rad2 Ba8 18. Qe3 Ne4 19. Rc2 Ndf6 20. h3 Qc7 21. a6
Qb6 22. dxc5 1/2-1/2

[Event "15PCR_PF4"]
[Site "?"]
[Date "2004.??.??"]
[Round "?"]
[White "Portych, Vaclav"]
[Black "Ksir, Bohumil"]
[Result "1/2-1/2"]
[WhiteElo "2124"]
[BlackElo "2151"]
[PlyCount "59"]
[EventDate "2004.??.??"]
[SourceDate "2005.03.08"]

1. c4 Nf6 2. Nc3 e5 3. Nf3 Nc6 4. g3 Bb4 5. Bg2 O-O 6. O-O e4 7. Ng5 Bxc3 8.
bxc3 Re8 9. d3 exd3 10. exd3 h6 11. Ne4 b6 12. Bf4 Bb7 13. Qd2 Na5 14. f3 d5
15. Nxf6+ Qxf6 16. cxd5 Bxd5 17. Rad1 c5 18. Rfe1 Qc6 19. Qf2 Qa4 20. Rxe8+
Rxe8 21. Rd2 Qa3 22. Rc2 Nc6 23. Bh3 Be6 24. Bf1 Bf5 25. g4 Be6 26. h3 Bd5 27.
Bc1 Qa5 28. c4 Be6 29. Bb2 Qa4 30. f4 1/2-1/2

[Event "15PCR_PF4"]
[Site "?"]
[Date "2004.??.??"]
[Round "?"]
[White "Portych, Vaclav"]
[Black "Popelka, Miloslav"]
[Result "0-1"]
[WhiteElo "2124"]
[BlackElo "2003"]
[PlyCount "76"]
[EventDate "2004.??.??"]
[SourceDate "2005.03.08"]

1. c4 Nf6 2. Nc3 e5 3. Nf3 Nc6 4. g3 Bc5 5. Bg2 d6 6. O-O O-O 7. d3 h6 8. a3 a5
9. b3 Bg4 10. Bb2 Qd7 11. Nd5 Nxd5 12. cxd5 Nd4 13. Nxd4 exd4 14. Re1 Rfe8 15.
Qc2 Re7 16. b4 axb4 17. f3 b3 18. Qxb3 Bf5 19. a4 Qe8 20. Bf1 Re3 21. Kg2 b6
22. Bc1 Re7 23. Bb2 Bd7 24. Qc4 Rxa4 25. Rxa4 b5 26. Qxd4 Bxd4 27. Rxd4 Qc8 28.
e4 c5 29. dxc6 Bh3+ 30. Kf2 Bxf1 31. Kxf1 Qxc6 32. Rd5 Ra7 33. Rc1 Qb7 34. g4
b4 35. Rc2 b3 36. Rd2 Ra2 37. Ke2 Qb6 38. d4 Qc6 0-1

[Event "15PCR_PF4"]
[Site "?"]
[Date "2004.??.??"]
[Round "?"]
[White "Portych, Vaclav"]
[Black "Struzka, Vlastimil"]
[Result "1/2-1/2"]
[WhiteElo "2124"]
[BlackElo "2194"]
[PlyCount "79"]
[EventDate "2004.??.??"]
[SourceDate "2005.03.08"]

1. c4 e5 2. Nc3 Nc6 3. Nf3 Nf6 4. g3 d5 5. cxd5 Nxd5 6. Bg2 Nxc3 7. bxc3 e4 8.
Ng1 f5 9. Nh3 Bd6 10. d3 Qf6 11. Bd2 O-O 12. O-O Kh8 13. dxe4 Ne5 14. Bg5 Qf7
15. Bc1 fxe4 16. Ng5 Qh5 17. Nxe4 Bh3 18. Nxd6 cxd6 19. Bxh3 Qxh3 20. f3 Qe6
21. Bf4 Ng6 22. e3 Rac8 23. Qd4 b6 24. Rad1 Nxf4 25. exf4 Qxa2 26. Ra1 Qf7 27.
Qxd6 Rfe8 28. Qd3 Red8 29. Qa6 Rc7 30. Rfe1 Qd7 31. Qe2 Qc6 32. Rad1 Rf8 33.
Rd3 a5 34. Qa2 Rd7 35. Rde3 Rdd8 36. Kg2 Rd6 37. R1e2 Rg8 38. c4 h6 39. Qb3
Rgd8 40. Qc2 1/2-1/2

[Event "15PCR_PF4"]
[Site "?"]
[Date "2004.??.??"]
[Round "?"]
[White "Portych, Vaclav"]
[Black "Svrsek, Radomir"]
[Result "1/2-1/2"]
[WhiteElo "2124"]
[BlackElo "2194"]
[PlyCount "49"]
[EventDate "2004.??.??"]
[SourceDate "2005.03.08"]

1. c4 e5 2. Nc3 Nc6 3. Nf3 Nf6 4. g3 d5 5. cxd5 Nxd5 6. Bg2 Nxc3 7. bxc3 Be7 8.
O-O O-O 9. d4 exd4 10. cxd4 Be6 11. Bf4 a5 12. Qb1 Nxd4 13. Nxd4 Qxd4 14. Qxb7
Ra7 15. Qc6 Qc4 16. a4 Qxe2 17. Be3 Ra6 18. Qxc7 Bd6 19. Qc1 Bb4 20. Qd1 Qb2
21. Bd4 Qb3 22. Qh5 Rd6 23. Bxg7 Kxg7 24. Qg5+ Kh8 25. Qf6+ 1/2-1/2

[Event "15PCR_PF4"]
[Site "?"]
[Date "2004.??.??"]
[Round "?"]
[White "Struzka, Vlastimil"]
[Black "Jirku, Jaroslav"]
[Result "1/2-1/2"]
[WhiteElo "2194"]
[BlackElo "2244"]
[PlyCount "96"]
[EventDate "2004.??.??"]
[SourceDate "2005.03.08"]

1. d4 d5 2. c4 e6 3. Nc3 Nf6 4. Nf3 Be7 5. Bg5 O-O 6. e3 h6 7. Bh4 b6 8. cxd5
Nxd5 9. Bxe7 Qxe7 10. Nxd5 exd5 11. Rc1 Be6 12. Be2 c5 13. dxc5 bxc5 14. O-O
Nd7 15. Qc2 Rfc8 16. Ba6 Rcb8 17. b3 Rb6 18. Be2 a5 19. Rfd1 Rb4 20. Ne1 a4 21.
Nd3 Bf5 22. Bf3 axb3 23. axb3 Re8 24. Qe2 Bxd3 25. Rxd3 d4 26. Bc6 Rc8 27. Bxd7
Qxd7 28. Qd1 Qb7 29. h3 dxe3 30. Rxe3 Rd4 31. Qh5 Qd5 32. Qxd5 Rxd5 33. b4 c4
34. Rec3 Rd4 35. Kf1 f5 36. b5 Kf7 37. Rb1 Ke6 38. b6 Rb8 39. Ke2 Kd6 40. b7
Kc6 41. f3 f4 42. Rb4 Kc5 43. Rb1 g5 44. Ra3 Rd7 45. Ra5+ Kc6 46. Ra6+ Kc5 47.
Ra5+ Kc6 48. Ra6+ Kc5 1/2-1/2

[Event "15PCR_PF4"]
[Site "?"]
[Date "2004.??.??"]
[Round "?"]
[White "Struzka, Vlastimil"]
[Black "Kotrc, Michal"]
[Result "0-1"]
[WhiteElo "2194"]
[BlackElo "2131"]
[PlyCount "64"]
[EventDate "2004.??.??"]
[SourceDate "2005.03.08"]

1. d4 Nf6 2. c4 e6 3. Nc3 Bb4 4. a3 Bxc3+ 5. bxc3 c5 6. Qd3 O-O 7. Bf4 d5 8.
Nf3 cxd4 9. cxd4 b6 10. cxd5 Qxd5 11. Rb1 Ba6 12. Qb3 Bc4 13. Qc2 b5 14. a4 a6
15. e3 Bxf1 16. Kxf1 Nbd7 17. Rc1 Nb6 18. axb5 Rfc8 19. Qb1 Rxc1+ 20. Qxc1 axb5
21. Ne5 Nh5 22. Nf3 Ra2 23. Qc7 h6 24. Be5 b4 25. h3 Ra1+ 26. Ne1 b3 27. Qb8+
Kh7 28. Qxb6 Qc4+ 29. Kg1 Rxe1+ 30. Kh2 Rxh1+ 31. Kxh1 Qc1+ 32. Kh2 b2 0-1

[Event "15PCR_PF4"]
[Site "?"]
[Date "2004.??.??"]
[Round "?"]
[White "Struzka, Vlastimil"]
[Black "Krouzel, Jaroslav"]
[Result "1/2-1/2"]
[WhiteElo "2194"]
[BlackElo "2334"]
[PlyCount "68"]
[EventDate "2004.??.??"]
[SourceDate "2005.03.08"]

1. Nf3 f5 2. d4 Nf6 3. Nc3 e6 4. d5 Bb4 5. dxe6 d5 6. Bg5 h6 7. Bf4 Bxe6 8. Nd4
Bd7 9. Qd3 Ne4 10. f3 Nxc3 11. bxc3 Ba5 12. Nb3 c6 13. Nxa5 Qxa5 14. Bd6 Be6
15. g4 Qd8 16. Qd4 Qh4+ 17. Bg3 Qf6 18. gxf5 Qxd4 19. cxd4 Bxf5 20. Kd2 O-O 21.
Bg2 Nd7 22. e4 Be6 23. h4 Nb6 24. Kd3 Rf7 25. Rhg1 Raf8 26. Be5 c5 27. dxc5 Nc4
28. Bd4 dxe4+ 29. fxe4 Rd7 30. Kc3 Rfd8 31. Bf2 Rd2 32. Be1 R2d4 33. Bf2 Rd2
34. Be1 R2d4 1/2-1/2

[Event "15PCR_PF4"]
[Site "?"]
[Date "2004.??.??"]
[Round "?"]
[White "Struzka, Vlastimil"]
[Black "Ksir, Bohumil"]
[Result "1/2-1/2"]
[WhiteElo "2194"]
[BlackElo "2151"]
[PlyCount "97"]
[EventDate "2004.??.??"]
[SourceDate "2005.03.08"]

1. Nf3 d5 2. d4 Nc6 3. e3 Bg4 4. Bb5 e6 5. Nbd2 Nf6 6. c4 Be7 7. Qa4 O-O 8.
Bxc6 bxc6 9. Qxc6 Bf5 10. O-O Re8 11. Ne5 Ng4 12. Ndf3 Nxe5 13. Nxe5 Bd6 14. c5
Bxe5 15. dxe5 a6 16. Rd1 Qg5 17. e4 Qh5 18. Bf4 Bxe4 19. Qxc7 Qg4 20. Bg3 Bc2
21. Rd2 Qa4 22. Rc1 Bf5 23. c6 Qb4 24. Rc3 d4 25. Qb7 dxc3 26. Qxb4 cxd2 27.
Qxd2 Rac8 28. h3 Rxc6 29. b4 Rec8 30. Qd4 Bc2 31. Bf4 Rc4 32. Qd2 Rc3 33. Qe1
Rd3 34. Kh2 h6 35. Qc1 Rd4 36. Bd2 Rc6 37. Qe1 Rd5 38. Bf4 Rc4 39. Bd2 Bd3 40.
Kg3 Rc2 41. a4 Rb2 42. Be3 Ra2 43. Qd1 Ra3 44. a5 Rxe5 45. Qe1 Rb3 46. Qd1 Ra3
47. Qc1 Rb3 48. Qd1 Ra3 49. Qc1 1/2-1/2

[Event "15PCR_PF4"]
[Site "?"]
[Date "2004.??.??"]
[Round "?"]
[White "Struzka, Vlastimil"]
[Black "Popelka, Miloslav"]
[Result "1-0"]
[WhiteElo "2194"]
[BlackElo "2003"]
[PlyCount "65"]
[EventDate "2004.??.??"]
[SourceDate "2005.03.08"]

1. Nf3 g6 2. e4 c5 3. Nc3 Bg7 4. Bc4 Nc6 5. O-O d6 6. d3 Nf6 7. Nd5 O-O 8. c3
Nxd5 9. Bxd5 Qb6 10. Qc2 Bg4 11. Nd2 Qc7 12. f4 Bd7 13. f5 Ne5 14. fxg6 hxg6
15. Nf3 e6 16. Bb3 a5 17. a4 c4 18. dxc4 Nxc4 19. Rf2 d5 20. Bg5 Rac8 21. Re1
Rfe8 22. Bxc4 Qxc4 23. e5 Bxa4 24. Qd2 Rc7 25. Bf6 Qg4 26. Nd4 Bxf6 27. Rxf6
Qh5 28. Rf3 Qh8 29. Qg5 b6 30. Ref1 Qh5 31. Qf6 Qh7 32. Rh3 Qg7 33. Rf4 1-0

[Event "15PCR_PF4"]
[Site "?"]
[Date "2004.??.??"]
[Round "?"]
[White "Struzka, Vlastimil"]
[Black "Portych, Vaclav"]
[Result "1/2-1/2"]
[WhiteElo "2194"]
[BlackElo "2124"]
[PlyCount "131"]
[EventDate "2004.??.??"]
[SourceDate "2005.03.08"]

1. d4 Nf6 2. c4 e6 3. Nc3 Bb4 4. a3 Bxc3+ 5. bxc3 c5 6. Nf3 O-O 7. dxc5 Qa5 8.
Rb1 Qxc5 9. Qd4 d6 10. Qxc5 dxc5 11. g3 b6 12. Bg2 Bb7 13. Bf4 Nc6 14. Ne5 Na5
15. Bxb7 Nxb7 16. Rd1 Na5 17. Rd3 Rfd8 18. g4 Ne4 19. g5 Nd6 20. Nc6 Nxc6 21.
Bxd6 Na5 22. Bc7 Rdc8 23. Bf4 Nxc4 24. Bc1 Rd8 25. h4 Rd5 26. Rhh3 Rad8 27. h5
Kf8 28. Kd1 Ne5 29. Rxd5 exd5 30. Kc2 Nc4 31. f3 Re8 32. Kd3 b5 33. Rh1 Rd8 34.
Be3 d4 35. Bc1 a6 36. h6 g6 37. Rh4 Ne5+ 38. Kc2 d3+ 39. exd3 Nxd3 40. Bd2 c4
41. a4 Rd5 42. axb5 axb5 43. Rh1 Rf5 44. Rb1 Ke7 45. Kd1 Ke6 46. Ke2 Re5+ 47.
Kf1 Rd5 48. Be3 b4 49. cxb4 c3 50. Ke2 c2 51. Ra1 Nxb4 52. Ra8 Nd3 53. Ra6+ Kd7
54. Ra7+ Kc6 55. Rxf7 c1=Q 56. Bxc1 Nxc1+ 57. Ke3 Rd7 58. Rg7 Kd6 59. f4 Re7+
60. Kd2 Nb3+ 61. Kc3 Nc5 62. f5 gxf5 63. Rxe7 Kxe7 64. g6 Ne4+ 65. Kd4 Nf6 66.
gxh7 1/2-1/2

[Event "15PCR_PF4"]
[Site "?"]
[Date "2004.??.??"]
[Round "?"]
[White "Struzka, Vlastimil"]
[Black "Svrsek, Radomir"]
[Result "1/2-1/2"]
[WhiteElo "2194"]
[BlackElo "2194"]
[PlyCount "46"]
[EventDate "2004.??.??"]
[SourceDate "2005.03.08"]

1. d4 Nf6 2. Nf3 d5 3. e3 e6 4. c4 Be7 5. cxd5 exd5 6. Bd3 O-O 7. O-O Re8 8.
Nc3 c6 9. Re1 Bg4 10. Qb3 Bxf3 11. gxf3 Qd7 12. Bd2 Na6 13. Ne2 Nc7 14. Ng3 Ne6
15. Kh1 h6 16. Rg1 Ng5 17. Bf5 Qd6 18. Qd1 Kh8 19. Rg2 Qd8 20. Bd3 a5 21. a4
Bd6 22. Rc1 Qd7 23. h4 Ne6 1/2-1/2

[Event "15PCR_PF4"]
[Site "?"]
[Date "2004.??.??"]
[Round "?"]
[White "Svrsek, Radomir"]
[Black "Krouzel, Jaroslav"]
[Result "1/2-1/2"]
[WhiteElo "2194"]
[BlackElo "2334"]
[PlyCount "48"]
[EventDate "2004.??.??"]
[SourceDate "2005.03.08"]

1. e4 e6 2. d4 d5 3. Nc3 Bb4 4. e5 c5 5. Bd2 Ne7 6. Nb5 Bxd2+ 7. Qxd2 O-O 8.
dxc5 Nd7 9. Qc3 a6 10. Nd6 Qc7 11. Nf3 Qxc5 12. Qxc5 Nxc5 13. c4 Rd8 14. cxd5
Nxd5 15. Bc4 f6 16. O-O-O fxe5 17. Bxd5 exd5 18. Rxd5 e4 19. Ng5 b6 20. Kb1 h6
21. b4 Nd3 22. Nxc8 Raxc8 23. Rxd8+ Rxd8 24. Nxe4 Nxb4 1/2-1/2

[Event "15PCR_PF4"]
[Site "?"]
[Date "2004.??.??"]
[Round "?"]
[White "Svrsek, Radomir"]
[Black "Ksir, Bohumil"]
[Result "0-1"]
[WhiteElo "2194"]
[BlackElo "2151"]
[PlyCount "78"]
[EventDate "2004.??.??"]
[SourceDate "2005.03.08"]

1. d4 Nf6 2. c4 e6 3. Nf3 c5 4. Nc3 cxd4 5. Nxd4 Bb4 6. Ndb5 O-O 7. a3 Bxc3+ 8.
Nxc3 d5 9. cxd5 exd5 10. Bg5 Nc6 11. e3 Re8 12. Bxf6 Qxf6 13. Qxd5 Bg4 14. Qc4
Ne5 15. Qa4 Rad8 16. h3 Bf3 17. Qc2 Rd6 18. Nb5 Rd7 19. h4 Red8 20. Nc3 Bh5 21.
Rb1 Ng4 22. Ne4 Qf5 23. Be2 Rd2 24. Bxg4 Qxg4 25. Qxd2 Rxd2 26. Kxd2 Qxe4 27.
f3 Qd5+ 28. Ke2 f6 29. Rhc1 Qe5 30. Kf2 Bg6 31. e4 f5 32. h5 Bxh5 33. exf5 Qxf5
34. b4 g5 35. Rb3 Qd5 36. Rc8+ Kg7 37. Re3 g4 38. Rc2 gxf3 39. gxf3 Kf6 0-1

[Event "15PCR_PF4"]
[Site "?"]
[Date "2004.??.??"]
[Round "?"]
[White "Svrsek, Radomir"]
[Black "Popelka, Miloslav"]
[Result "1/2-1/2"]
[WhiteElo "2194"]
[BlackElo "2003"]
[PlyCount "143"]
[EventDate "2004.??.??"]
[SourceDate "2005.03.08"]

1. e4 e5 2. Nf3 Nc6 3. Bc4 Bc5 4. d3 Nf6 5. O-O d6 6. c3 a6 7. b4 Ba7 8. a4 O-O
9. a5 Be6 10. Bxe6 fxe6 11. Qb3 d5 12. Bg5 Qd7 13. Nbd2 Kh8 14. Rae1 Qf7 15.
Bh4 Nh5 16. Qb1 Nf4 17. Bg3 Ng6 18. Qb3 Rfe8 19. Ra1 Rab8 20. b5 axb5 21. Qxb5
Qd7 22. Nb3 Red8 23. Ra2 Qd6 24. Rd2 Rf8 25. c4 d4 26. c5 Qe7 27. Rc2 Qe8 28.
Rb1 Nf4 29. Bxf4 exf4 30. Nbxd4 e5 31. Nb3 Rf6 32. h3 Rg6 33. Kh2 Rh6 34. Rd2
g5 35. d4 Qg6 36. Nxe5 Nxe5 37. dxe5 g4 38. Qd3 f3 39. Rbd1 Rg8 40. e6 Re8 41.
Qd7 fxg2 42. Qxe8+ Qxe8 43. Rd8 Rxe6 44. hxg4 Rxe4 45. Kg1 Qxd8 46. Rxd8+ Kg7
47. Ra8 Rb4 48. Rxa7 Rxb3 49. c6 bxc6 50. Rxc7+ Kg6 51. f4 Rb4 52. Rxc6+ Kg7
53. Kxg2 Rxf4 54. Kg3 Re4 55. a6 Ra4 56. Rb6 h6 57. Kh4 Ra3 58. Rc6 Ra5 59. Kg3
h5 60. gxh5 Rxh5 61. Kf4 Ra5 62. Ke4 Kf7 63. Rh6 Kg7 64. Rb6 Kf8 65. Kd4 Ke8
66. Kc4 Kd8 67. Kb4 Ra1 68. Kb5 Kc8 69. Kc5 Rc1+ 70. Kd5 Rd1+ 71. Ke4 Re1+ 72.
Kd4 1/2-1/2

[Event "15PCR_PF4"]
[Site "?"]
[Date "2004.??.??"]
[Round "?"]
[White "Svrsek, Radomir"]
[Black "Portych, Vaclav"]
[Result "1/2-1/2"]
[WhiteElo "2194"]
[BlackElo "2124"]
[PlyCount "58"]
[EventDate "2004.??.??"]
[SourceDate "2005.03.08"]

1. e4 c5 2. Nf3 Nc6 3. d4 cxd4 4. Nxd4 Nf6 5. Nc3 e5 6. Ndb5 d6 7. Nd5 Nxd5 8.
exd5 Nb8 9. Bd3 Be7 10. Qh5 Nd7 11. c4 Nf6 12. Qe2 O-O 13. O-O a6 14. Nc3 Bd7
15. a4 Rb8 16. a5 b6 17. axb6 Qxb6 18. Ra2 Rfc8 19. Be3 Qb3 20. Rfa1 e4 21.
Nxe4 Nxe4 22. Bxe4 Qxc4 23. Qxc4 Rxc4 24. Bd3 Rcb4 25. Rxa6 Bb5 26. Bxb5 R4xb5
27. Kf1 Rxb2 28. Ra8 f6 29. Rxb8+ Rxb8 1/2-1/2

[Event "15PCR_PF4"]
[Site "?"]
[Date "2004.??.??"]
[Round "?"]
[White "Svrsek, Radomir"]
[Black "Struzka, Vlastimil"]
[Result "1/2-1/2"]
[WhiteElo "2194"]
[BlackElo "2194"]
[PlyCount "47"]
[EventDate "2004.??.??"]
[SourceDate "2005.03.08"]

1. Nf3 d5 2. d4 Nf6 3. e3 e6 4. c4 c6 5. Nbd2 Bd6 6. Bd3 O-O 7. O-O Nbd7 8. Qc2
Re8 9. b3 e5 10. cxd5 cxd5 11. dxe5 Nxe5 12. Bb2 Nxf3+ 13. Nxf3 Ne4 14. h3 Qe7
15. Rfd1 Bf5 16. Rac1 Rac8 17. Qe2 a6 18. Rxc8 Rxc8 19. Bb1 Be6 20. Nd4 Bd7 21.
a4 f5 22. Qh5 Be5 23. Bd3 Qb4 24. Nc2 1/2-1/2

[Event "15PCR_PF4"]
[Site "?"]
[Date "2004.??.??"]
[Round "?"]
[White "Svrsek, Radomir"]
[Black "Jirku, Jaroslav"]
[Result "1/2-1/2"]
[WhiteElo "2194"]
[BlackElo "2244"]
[PlyCount "107"]
[EventDate "2004.??.??"]
[SourceDate "2005.03.08"]

1. d4 d5 2. Nf3 Nf6 3. c4 e6 4. e3 Be7 5. Be2 O-O 6. O-O b6 7. Nc3 Bb7 8. cxd5
exd5 9. Qc2 Nbd7 10. Bd3 c5 11. Rd1 c4 12. Bf5 g6 13. Bh3 a6 14. b3 b5 15. bxc4
dxc4 16. a3 Nb6 17. e4 b4 18. axb4 Bxb4 19. e5 Bxf3 20. gxf3 Bxc3 21. Qxc3 Nfd5
22. Qe1 Qh4 23. Bg2 Rfc8 24. f4 c3 25. Rd3 Rc4 26. Rh3 Qe7 27. Rg3 Qd7 28. Be3
a5 29. Bh3 Qe8 30. f5 Rc7 31. Bc1 a4 32. Ba3 Rd8 33. Bc5 Nd7 34. Bd6 Rc4 35. e6
c2 36. fxg6 hxg6 37. Qc1 Nf8 38. exf7+ Qxf7 39. Be5 Ne7 40. Qh6 Qh7 41. Qg5 Nc6
42. Bf1 Rb4 43. Rc1 Qf7 44. Rxc2 Nxe5 45. dxe5 Rd1 46. Rc1 Qd5 47. Rxd1 Qxd1
48. Qf6 Rb1 49. Qa6 Kg7 50. h4 Ne6 51. h5 g5 52. Qc4 Rc1 53. h6+ Kh8 54. Qb5
1/2-1/2

[Event "15PCR_PF4"]
[Site "?"]
[Date "2004.??.??"]
[Round "?"]
[White "Jirku, Jaroslav"]
[Black "Struzka, Vlastimil"]
[Result "1-0"]
[WhiteElo "2244"]
[BlackElo "2194"]
[PlyCount "135"]
[EventDate "2004.??.??"]
[SourceDate "2005.03.08"]

1. e4 c5 2. Nf3 Nc6 3. d4 cxd4 4. Nxd4 d5 5. Nxc6 bxc6 6. exd5 Qxd5 7. Nc3
Qxd1+ 8. Nxd1 Nf6 9. Bc4 e5 10. O-O Bd6 11. Re1 Rb8 12. Be3 a5 13. Bd4 Nd7 14.
Bc3 a4 15. Ne3 Bc7 16. Nf5 g6 17. Nd4 Nb6 18. Nxc6 Nxc4 19. Nxb8 Bxb8 20. b3
Nb6 21. f4 Kd7 22. Rad1+ Kc6 23. Bxe5 Bxe5 24. Rxe5 f6 25. Re3 Nd5 26. Re4 Nb6
27. Red4 Re8 28. Kf2 Kc5 29. R4d3 Bg4 30. R1d2 h5 31. Rc3+ Kb5 32. Rc7 Rc8 33.
Rxc8 Nxc8 34. bxa4+ Kxa4 35. Ke3 Be6 36. Rd8 Ne7 37. Re8 Nf5+ 38. Kd3 Bc4+ 39.
Kc3 Bd5 40. Rf8 Kb5 41. Rxf6 Ne7 42. Kb2 Bxg2 43. Re6 Nd5 44. Rxg6 Nxf4 45.
Rg5+ Kc4 46. Rf5 Nd5 47. Rxh5 Ne3 48. h4 Be4 49. Re5 Kd4 50. Rxe4+ Kxe4 51. h5
Nf5 52. Kc3 Kd5 53. Kb4 Kc6 54. a4 Kb6 55. a5+ Kc6 56. c4 Nh6 57. c5 Nf5 58. a6
Nh6 59. Kc4 Ng4 60. Kd4 Kc7 61. Kd3 Kc6 62. Ke2 Nf6 63. h6 Nh7 64. Kf3 Nf8 65.
Kg4 Kc7 66. Kf5 Kc6 67. Kf6 Nd7+ 68. Kg7 1-0

[Event "15PCR_PF4"]
[Site "?"]
[Date "2004.??.??"]
[Round "?"]
[White "Krouzel, Jaroslav"]
[Black "Jirku, Jaroslav"]
[Result "1-0"]
[WhiteElo "2334"]
[BlackElo "2244"]
[PlyCount "101"]
[EventDate "2004.??.??"]
[SourceDate "2005.03.08"]

1. d4 d5 2. c4 e6 3. Nc3 Nf6 4. Bg5 Be7 5. e3 O-O 6. Nf3 h6 7. Bh4 b6 8. Bd3
Bb7 9. O-O Nbd7 10. Qe2 c5 11. Rfd1 Ne4 12. Bg3 Nxg3 13. hxg3 cxd4 14. Nxd4 Nf6
15. Rac1 Bb4 16. Nb3 Rc8 17. cxd5 Nxd5 18. Nb5 Rxc1 19. Rxc1 Be7 20. a3 Qb8 21.
N5d4 Rc8 22. Rd1 a5 23. Nb5 Nf6 24. N3d4 Bc5 25. Nb3 Be7 26. N3d4 Nd7 27. Bb1
Nc5 28. Nc3 Bf6 29. b4 axb4 30. axb4 Na6 31. Qd3 g6 32. Ne4 Be7 33. Nxe6 Nxb4
34. Qd4 fxe6 35. Nf6+ Bxf6 36. Qxf6 Bd5 37. Qxg6+ Kf8 38. Qxh6+ Ke8 39. Qh5+
Kd7 40. e4 Qa8 41. exd5 Nxd5 42. Qf7+ Kd6 43. Re1 Re8 44. Qh5 Re7 45. Qe5+ Kd7
46. Be4 Qc6 47. Rd1 Qd6 48. Qg5 Kc7 49. Bxd5 exd5 50. Rxd5 Qb4 51. Qf5 1-0

[Event "15PCR_PF4"]
[Site "?"]
[Date "2004.??.??"]
[Round "?"]
[White "Jirku, Jaroslav"]
[Black "Krouzel, Jaroslav"]
[Result "1-0"]
[WhiteElo "2244"]
[BlackElo "2334"]
[PlyCount "101"]
[EventDate "2004.??.??"]
[SourceDate "2005.03.08"]

1. e4 e6 2. d4 d5 3. Nc3 Bb4 4. e5 c5 5. a3 Bxc3+ 6. bxc3 Ne7 7. Nf3 Nbc6 8. a4
Qa5 9. Bd2 Bd7 10. Be2 f6 11. c4 Qc7 12. exf6 gxf6 13. cxd5 Nxd5 14. c3 Rg8 15.
O-O O-O-O 16. Re1 e5 17. c4 Bh3 18. Bf1 Nf4 19. Bxf4 exf4 20. d5 Bg4 21. Qb3
Bxf3 22. Qxf3 Nd4 23. Qh3+ Qd7 24. Qxd7+ Rxd7 25. Re4 f3 26. g3 f5 27. Re5 Kc7
28. Bd3 Rf8 29. Kh1 Rff7 30. h3 Rfe7 31. Rae1 Rxe5 32. Rxe5 Kb6 33. g4 fxg4 34.
hxg4 Ka5 35. Kh2 h6 36. Bf5 Rd8 37. Re7 Kb4 38. Rxb7+ Kxc4 39. Be4 Re8 40. Bg6
Rg8 41. Bf7 Rxg4 42. d6+ Kd3 43. d7 Nc6 44. Rxa7 Ke2 45. Be6 Rd4 46. Ra8 Kxf2
47. Bh3 Rd2 48. Rc8 Ke1+ 49. Kg3 f2 50. Re8+ Kd1 51. Kg2 1-0

[Event "15PCR_PF4"]
[Site "?"]
[Date "2004.??.??"]
[Round "?"]
[White "Jirku, Jaroslav"]
[Black "Portych, Vaclav"]
[Result "1-0"]
[WhiteElo "2244"]
[BlackElo "2124"]
[PlyCount "107"]
[EventDate "2004.??.??"]
[SourceDate "2005.03.08"]

1. e4 c5 2. Nf3 Nc6 3. d4 cxd4 4. Nxd4 Nf6 5. Nc3 e5 6. Ndb5 d6 7. Bg5 a6 8.
Na3 b5 9. Nd5 Be7 10. Bxf6 Bxf6 11. c3 Bb7 12. Nc2 Bg5 13. a4 bxa4 14. Rxa4 Nb8
15. Bc4 Nd7 16. Qe2 a5 17. O-O O-O 18. Rfa1 Nb6 19. Nxb6 Qxb6 20. Na3 h6 21.
Bd5 Bxd5 22. exd5 Rfc8 23. Nc4 Qb5 24. Qg4 Rc7 25. Qe4 Rb8 26. h4 Be7 27. Nxa5
Qxb2 28. Nc6 Rbc8 29. Qc4 Bf8 30. R4a2 Qb6 31. Qd3 Rb7 32. Ra6 Qb2 33. h5 Qb3
34. R6a4 Qb2 35. c4 Qb3 36. Qe4 Qb6 37. Qf5 Qc7 38. Ra8 Rxa8 39. Rxa8 Rb6 40.
Rc8 Qb7 41. Rd8 Rxc6 42. dxc6 Qxc6 43. Qd7 Qxd7 44. Rxd7 g5 45. hxg6 fxg6 46.
Kf1 Kh8 47. Ke2 Kg8 48. Kf3 Kh8 49. Ke4 h5 50. Kd5 h4 51. Rxd6 Bxd6 52. Kxd6 g5
53. c5 g4 54. c6 1-0

[Event "15PCR_PF4"]
[Site "?"]
[Date "2004.??.??"]
[Round "?"]
[White "Kotrc, Michal"]
[Black "Portych, Vaclav"]
[Result "1-0"]
[WhiteElo "2131"]
[BlackElo "2124"]
[PlyCount "115"]
[EventDate "2004.??.??"]
[SourceDate "2005.03.08"]

1. e4 c5 2. Nf3 Nc6 3. d4 cxd4 4. Nxd4 Nf6 5. Nc3 e5 6. Ndb5 d6 7. a4 a6 8. Na3
Be6 9. Bg5 Rc8 10. Nc4 Nd4 11. Bxf6 Qxf6 12. Ne3 d5 13. exd5 Bb4 14. Bc4 Bf5
15. O-O Bg6 16. Ng4 Qf4 17. Ne3 Bxc2 18. Nxc2 Bxc3 19. bxc3 Nxc2 20. Bxa6 Nxa1
21. Bb5+ Kf8 22. Qxa1 g6 23. c4 Kg7 24. g3 Qd4 25. Qxd4 exd4 26. Rd1 Kf6 27. d6
Ke5 28. d7 Rcd8 29. Kf1 f5 30. Ke2 Rhf8 31. Kd3 Rf7 32. Re1+ Kd6 33. Kxd4 b6
34. f4 Rdxd7 35. Bxd7 Rxd7 36. Kc3 Kc5 37. h4 Kc6 38. Re6+ Kc5 39. Re5+ Kc6 40.
h5 Rd1 41. Re7 Rg1 42. h6 g5 43. fxg5 Rxg3+ 44. Kd4 Rxg5 45. Rxh7 Rg4+ 46. Ke5
Rxc4 47. Rh8 Rh4 48. Kxf5 Rh1 49. Kg6 Kc5 50. Rc8+ Kb4 51. h7 Kxa4 52. h8=Q
Rxh8 53. Rxh8 Kb4 54. Kf5 b5 55. Ke4 Kb3 56. Kd3 b4 57. Rb8 Ka3 58. Kc4 1-0

[Event "15PCR_PF4"]
[Site "?"]
[Date "2004.??.??"]
[Round "?"]
[White "Kotrc, Michal"]
[Black "Svrsek, Radomir"]
[Result "1-0"]
[WhiteElo "2131"]
[BlackElo "2194"]
[PlyCount "117"]
[EventDate "2004.??.??"]
[SourceDate "2005.03.08"]

1. e4 c5 2. Nf3 Nc6 3. d4 cxd4 4. Nxd4 g6 5. c4 Bg7 6. Nc2 d6 7. Be2 Nf6 8. Nc3
Nd7 9. O-O Nc5 10. f3 O-O 11. Bd2 f5 12. exf5 Bxf5 13. Kh1 Qb6 14. b3 e6 15.
Ne3 Bd3 16. Ng4 Bxe2 17. Qxe2 Nd4 18. Qd1 Nf5 19. Rc1 Nd3 20. Rb1 Rae8 21. Bg5
Nf2+ 22. Rxf2 Bxc3 23. Re2 Kh8 24. Qc1 Bg7 25. Qe1 Qa6 26. a4 Nd4 27. Re4 Qc6
28. Be3 Nf5 29. Bf2 a6 30. a5 d5 31. Ne5 Qc8 32. Re2 d4 33. Rd1 Rd8 34. Kg1 Qc7
35. Re4 Kg8 36. Rd3 Ne3 37. Bxe3 Bxe5 38. Bg5 Bxh2+ 39. Kf1 Rde8 40. Rexd4 Bg3
41. Qd2 Qe5 42. Bh6 Qh5 43. Bxf8 Qh1+ 44. Ke2 Qxg2+ 45. Kd1 Qxd2+ 46. Kxd2 Kxf8
47. f4 e5 48. Rd7 Bxf4+ 49. Ke2 Re7 50. R3d6 h5 51. Rxe7 Kxe7 52. Rb6 Kd8 53.
Rxb7 Kc8 54. Ra7 h4 55. Rxa6 h3 56. Ra7 Bc1 57. b4 Ba3 58. b5 Bb4 59. a6 1-0